00377nam a2200157Ia 45000010006000000050017000060080041000230410008000640820021000721000026000932450041001192600009001603000034001696500008002036540008002111462520260306164928.0260306t2018||||xx |||||||||||||| ||spa|| aESP a515.35bO52 2018 aO'Neil, Peter V.eAUT 0aAdvanced engineering mathematics, SI c2018 axvii, 839 páginas :c25 cm. aGEN aCMA